000 00421pab a2200169 454500
008 180718b2013 xxu||||| |||| 00| 0 eng d
100 _aBandyapadhyay, Jayanta
245 _aHuman footprint on the Devabhoomi
260 _c2013
300 _ap.19-20.
362 _a3 Aug
650 _aFloods - India - Uttarakhand
650 _aFloods
773 _aEconomic and Political Weekly
908 _aN
909 _a101366
999 _c101364
_d101364